Loreto College Library, Kolkata
WEBOPAC (ONLINE PUBLIC ACCESS CATALOGUE)

The discovery of India (Record no. 8981)

MARC details
000 -LEADER
fixed length control field 00602nam a2200229Ia 4500
005 - DATE AND TIME OF LATEST TRANSACTION
control field 20230117114750.0
008 - FIXED-LENGTH DATA ELEMENTS--GENERAL INFORMATION
fixed length control field 131103s9999 xx 000 0 und d
020 ## - ISBN | অাই এস বি এন
ISBN | অাই এস বি এন SBN 195613228
PRICE Rs.45
040 ## - CATALOGING SOURCE
Original cataloging agency Loreto College
041 ## - LANGUAGE CODE
Language code English
082 ## - DDC | ডিউই
Classification number | বর্গসংখ্যা 954
Book Number | গ্রন্থাঙ্ক NEH
100 ## - MAIN ENTRY--PERSONAL NAME | মুখ্য সংলেখ - ব্যাক্তিনাম
Personal name | ব্যাক্তিনাম Nehru,Jawaharlal
245 #4 - TITLE STATEMENT | অাখ্যা বিবরণী
Title | অাখ্যা The discovery of India
Statement of responsibility | লেখকের দায়িত্বের বিবরণ Jawaharlal Nehru
260 ## - IMPRINT | প্রকাশনা ক্ষেত্র
Place of publication | প্রকাশ স্থান Calcutta
Name of publisher | প্রকাশকের নাম Jawaharlal Nehru Memorial Fund
Date of publication | প্রকাশ কাল 1946
300 ## - PHYSICAL DESCRIPTION |
Page / Vol. No | পৃষ্ঠা / খন্ড সংখ্যা 582 p.
504 ## - BIBLIOGRAPHY, ETC. NOTE
Bibliography, etc Includes index
630 ## - SUBJECT ADDED ENTRY--UNIFORM TITLE
Uniform title India - History
650 ## - SUBJECT ADDED ENTRY--TOPICAL TERM | বিষয় শিরোনাম - মূল বিষয়
Topical term | মূল বিষয় Jawaharlal Nehru
651 ## - SUBJECT ADDED ENTRY--GEOGRAPHIC NAME | বিষয় শিরোনাম - ভৌগলিক নাম
Geographic name | ভৌগলিক বিষয় Discovery of India
850 ## - HOLDING INSTITUTION
Holding institution LCLIB
942 ## - ADDED ENTRY ELEMENTS (KOHA)
Koha item type Books
Holdings
Withdrawn status Lost status Source of classification Damaged status Not for loan Home library Current library Date acquired Total Checkouts Full call number Accession No. Date last seen Price effective from Koha item type Coded location qualifier Date checked out
    Dewey Decimal Classification     Loreto College Loreto College 04/11/2013   954 NEH 11820 B19088 04/11/2013 04/11/2013 Books    
    Dewey Decimal Classification     Loreto College Loreto College 04/11/2013   954 NEH 27669 B19089 04/11/2013 04/11/2013 Books    
    Dewey Decimal Classification     Loreto College Loreto College 04/11/2013 1 954 NEH 42472 B8857 15/12/2014 04/11/2013 Books   08/12/2014